00750 2200265 4500001002100000005001500021035002000036007000300056008004100059020001800100082001100118084001700129100003400146245005900180250002000239300002500259650002000284740003800304264003600342336002100378337003000399338002300429990001600452990001600468INLIS00000000000011320260414032406 a0010-0426000112ta260414 g 0 ind  a9789797566951 a004.16 a004.16 TAR s3 aTarigan, PernantinePengarang1 aSistem tertanam (embedded system) /cPernantin Tarigan acetakan pertama a240 halaman ;c26 cm 4aSistem Komputer aSistem tertanam (embedded system) aYogyakarta :bGraha Ilmu,c2011 2rdacontentateks 2rdamediaatanpa perantara 2rdacarrieravolume aPP000189/19 aPP000250/19